Olympique Lyon Record Transfers - Statistics

General Stats
  • This quiz has been taken 469 times
  • The average score is 7 of 10
Answer Stats
Year Country Position From Transfer Fee Player % Correct
2009-2010 Argentina FW FC Porto 24M€ Lisandro Lopez
96%
2010-2011 France MD Bordeaux 22M€ Yoann Gourcuff
91%
1999-2000 Brazil FW FC Barcelona 19M€ Sonny Anderson
82%
2009-2010 France FW Saint-Etienne 13M€ Bafétimbi Gomis
79%
2009-2010 Brazil DF Lille OSC 18M€ Michel Bastos
68%
2005-2006 Brazil FW Cruzeiro 15,6M€ Fred
56%
2008-2009 Cameroon MD Lille OSC 14M€ Jean II Makoun
54%
2007-2008 Ivory Coast FW Lille OSC 16,8M€ Kader Keïta
47%
2009-2010 France DF FC Porto 16,2M€ Aly Cissokho
45%
2008-2009 Brazil MD OGC Nice 14,9M€ Ederson
42%
No matching quizzes found
Score Distribution
Percent of People with Each Score
Percentile by Number Answered
Your Score History
You have not taken this quiz